[Event "Speed Chess (Women) Final"]
[Site "Chess.com INT"]
[Date "2020.07.20"]
[Round "26"]
[White "Ushenina, Anna"]
[Black "Kosteniuk, Alexandra"]
[Result "0-1"]
[WhiteElo "2416"]
[BlackElo "2471"]
[PlyCount "56"]
[EventDate "2020.07.20"]
[EventType "match (blitz)"]
[EventRounds "28"]
[EventCountry "USA"]
[SourceTitle "CBM 197 Extra"]
[Source "ChessBase"]
[SourceDate "2020.09.30"]
[SourceVersion "1"]
[SourceVersionDate "2020.09.30"]
[SourceQuality "1"]

1. d4 Nf6 2. Nf3 d5 3. Bf4 g6 4. c4 Bg7 5. Nc3 c5 6. dxc5 Be6 7. Nd4 Bc8 8. e3
O-O 9. Rc1 Nc6 10. Nxc6 bxc6 11. Be2 Be6 12. O-O dxc4 13. Qa4 Nd5 14. Bg3 Nxc3
15. bxc3 Qd5 16. Bf3 Qxc5 17. Bxc6 Rad8 18. Be4 Rd2 19. Rfd1 Rxd1+ 20. Rxd1
Bxc3 21. Rb1 Bf6 22. Rb5 Qc8 23. h3 Qd7 24. Qa6 c3 25. Rc5 Qd1+ 26. Kh2 h5 27.
Qxa7 h4 28. Bc7 Qd2 0-1

[Event "Speed Chess (Women) Final"]
[Site "Chess.com INT"]
[Date "2020.07.20"]
[Round "27"]
[White "Kosteniuk, Alexandra"]
[Black "Ushenina, Anna"]
[Result "1-0"]
[WhiteElo "2471"]
[BlackElo "2416"]
[PlyCount "93"]
[EventDate "2020.07.20"]
[EventType "match (blitz)"]
[EventRounds "28"]
[EventCountry "USA"]
[SourceTitle "CBM 197 Extra"]
[Source "ChessBase"]
[SourceDate "2020.09.30"]
[SourceVersion "1"]
[SourceVersionDate "2020.09.30"]
[SourceQuality "1"]

1. e4 e5 2. Nf3 Nf6 3. d4 Nxe4 4. Bd3 d5 5. Nxe5 Nd7 6. O-O Nxe5 7. dxe5 Nc5 8.
f4 Nxd3 9. Qxd3 g6 10. Be3 Bf5 11. Qb3 b6 12. Rd1 c6 13. c4 d4 14. Rxd4 Qc7 15.
Rd1 Be7 16. Nc3 O-O 17. h3 h5 18. Ne2 Rad8 19. Nd4 Be4 20. Bf2 c5 21. Nb5 Qb7
22. Qg3 a6 23. Nc3 b5 24. Nxe4 Qxe4 25. cxb5 axb5 26. Re1 Qf5 27. e6 fxe6 28.
Re5 Qf6 29. Rae1 Rd6 30. Bxc5 Rd7 31. Bxe7 Rxe7 32. f5 h4 33. Qxg6+ Qxg6 34.
fxg6 Rf6 35. Rg5 b4 36. Re4 b3 37. axb3 Rb7 38. b4 Kg7 39. Rxh4 Rxg6 40. Rxg6+
Kxg6 41. Rg4+ Kf5 42. Kf2 e5 43. Ke3 Rc7 44. b5 Rc2 45. Rb4 Rxg2 46. b6 Rg7 47.
b7 1-0

[Event "Online Olym Div Top-C"]
[Site "Chess.com INT"]
[Date "2020.08.21"]
[Round "3.3"]
[White "Kosteniuk, Alexandra"]
[Black "Franciskovic, Borka"]
[Result "1-0"]
[WhiteElo "2482"]
[BlackElo "2250"]
[PlyCount "93"]
[EventDate "2020.08.21"]
[EventType "team-tourn (rapid)"]
[EventRounds "9"]
[EventCountry "USA"]
[SourceTitle "CBM 197 Extra"]
[Source "ChessBase"]
[SourceDate "2020.09.30"]
[SourceVersion "1"]
[SourceVersionDate "2020.09.30"]
[SourceQuality "1"]
[WhiteTeam "Russia"]
[BlackTeam "Croatia"]
[WhiteTeamCountry "RUS"]
[BlackTeamCountry "CRO"]

1. e4 c6 2. Nf3 d5 3. Nc3 dxe4 4. Nxe4 Nf6 5. Qe2 Nxe4 6. Qxe4 Be6 7. b3 Nd7 8.
Bc4 Nf6 9. Qe2 Bxc4 10. bxc4 e6 11. Rb1 b6 12. Rb3 Rc8 13. Bb2 Be7 14. O-O O-O
15. Ne5 Qd6 16. Rh3 Rfd8 17. Bc3 b5 18. Ng4 Nxg4 19. Qxg4 e5 20. Re3 Bf6 21.
Rfe1 h6 22. d3 bxc4 23. Qxc4 Qd5 24. Qa4 Qb5 25. Qa3 Re8 26. Re4 Qd5 27. h3 Be7
28. Qxa7 Bc5 29. Qa4 f6 30. Qc4 Ra8 31. a4 Bb6 32. Kf1 Ba5 33. Bxa5 Rxa5 34. f4
Qxc4 35. Rxc4 Rea8 36. fxe5 fxe5 37. Rxc6 Rf8+ 38. Kg1 Rxa4 39. Rxe5 Ra1+ 40.
Kh2 Rf7 41. Re2 Rd7 42. Rd2 Ra2 43. d4 Rd5 44. Rd3 Kh7 45. c4 Rg5 46. Rg3 Rf5
47. Rc7 1-0

[Event "Online Olym Div Top-C"]
[Site "Chess.com INT"]
[Date "2020.08.22"]
[Round "4.3"]
[White "Abdi, Zineb Dina"]
[Black "Kosteniuk, Alexandra"]
[Result "0-1"]
[WhiteElo "1926"]
[BlackElo "2482"]
[PlyCount "90"]
[EventDate "2020.08.21"]
[EventType "team-tourn (rapid)"]
[EventRounds "9"]
[EventCountry "USA"]
[SourceTitle "CBM 197 Extra"]
[Source "ChessBase"]
[SourceDate "2020.09.30"]
[SourceVersion "1"]
[SourceVersionDate "2020.09.30"]
[SourceQuality "1"]
[WhiteTeam "Algeria"]
[BlackTeam "Russia"]
[WhiteTeamCountry "ALG"]
[BlackTeamCountry "RUS"]

1. e4 c6 2. d4 d5 3. Nc3 dxe4 4. Nxe4 Nf6 5. Nxf6+ exf6 6. Nf3 Bd6 7. Bd3 O-O
8. O-O Bg4 9. Re1 Bc7 10. c3 Qd6 11. g3 Qd5 12. Be2 Nd7 13. Be3 Rad8 14. Nh4
Bxe2 15. Qxe2 Rfe8 16. Qf3 Nb6 17. b3 Re6 18. c4 Qxf3 19. Nxf3 f5 20. Ng5 Ree8
21. f4 Nc8 22. Nh3 Ba5 23. Re2 Bc3 24. Rd1 Bxd4 25. Kg2 f6 26. Kf3 Bxe3 27.
Rxd8 Rxd8 28. Rxe3 Kf7 29. Nf2 g5 30. h3 h5 31. Rd3 g4+ 32. Ke3 Rxd3+ 33. Kxd3
h4 34. hxg4 hxg3 35. Nh3 fxg4 36. Ng1 Nd6 37. Ke3 f5 38. Kd4 Ke6 39. b4 Ne4 40.
a4 Nf2 41. b5 Nh3 42. Ne2 g2 43. c5 g1=Q+ 44. Nxg1 Nxg1 45. b6 a5 0-1

[Event "Online Olym Div Top-C"]
[Site "Chess.com INT"]
[Date "2020.08.22"]
[Round "5.3"]
[White "Kosteniuk, Alexandra"]
[Black "Alaoui Belghiti, Chaimaa"]
[Result "1-0"]
[WhiteElo "2482"]
[BlackElo "1703"]
[PlyCount "51"]
[EventDate "2020.08.21"]
[EventType "team-tourn (rapid)"]
[EventRounds "9"]
[EventCountry "USA"]
[SourceTitle "CBM 197 Extra"]
[Source "ChessBase"]
[SourceDate "2020.09.30"]
[SourceVersion "1"]
[SourceVersionDate "2020.09.30"]
[SourceQuality "1"]
[WhiteTeam "Russia"]
[BlackTeam "Morocco"]
[WhiteTeamCountry "RUS"]
[BlackTeamCountry "MAR"]

1. e4 c6 2. c4 d5 3. cxd5 cxd5 4. exd5 Qxd5 5. Nc3 Qd8 6. d4 e6 7. Nf3 a6 8.
Bd3 Nf6 9. O-O Be7 10. Re1 O-O 11. Ne5 b6 12. Qf3 Ra7 13. Be3 Bb7 14. Qh3 g6
15. Bh6 Re8 16. Nxf7 Qd7 17. Ne5 Qc8 18. Rac1 Nc6 19. Ne4 Ba8 20. Ng5 Bf8 21.
Bxf8 Kxf8 22. Nxc6 Bxc6 23. Rxe6 Rc7 24. Rxf6+ Kg8 25. Rfxc6 Qxh3 26. gxh3 1-0

[Event "Online Olym Div Top-C"]
[Site "Chess.com INT"]
[Date "2020.08.23"]
[Round "7.4"]
[White "Mona, Khaled"]
[Black "Kosteniuk, Alexandra"]
[Result "1-0"]
[WhiteElo "2127"]
[BlackElo "2482"]
[PlyCount "69"]
[EventDate "2020.08.21"]
[EventType "team-tourn (rapid)"]
[EventRounds "9"]
[EventCountry "USA"]
[SourceTitle "CBM 197 Extra"]
[Source "ChessBase"]
[SourceDate "2020.09.30"]
[SourceVersion "1"]
[SourceVersionDate "2020.09.30"]
[SourceQuality "1"]
[WhiteTeam "Egypt"]
[BlackTeam "Russia"]
[WhiteTeamCountry "EGY"]
[BlackTeamCountry "RUS"]

1. d4 Nf6 2. Nf3 b6 3. c4 e6 4. Nc3 Bb4 5. g3 O-O 6. Bg2 d5 7. O-O a5 8. Bg5
Bb7 9. Rc1 Be7 10. cxd5 Nxd5 11. Bxe7 Nxe7 12. Qc2 Nf5 13. Rfd1 Na6 14. a3 h6
15. d5 Qc8 16. dxe6 fxe6 17. Nb5 Nc5 18. b4 axb4 19. axb4 Be4 20. Qb2 Na4 21.
Qe5 Bxf3 22. Bxf3 c5 23. Bxa8 Qxa8 24. Qxe6+ Kh8 25. bxc5 Nxc5 26. Qxb6 Ne4 27.
f3 Ng5 28. Nd6 Nxg3 29. hxg3 Nxf3+ 30. exf3 Qxf3 31. Ne4 Rf5 32. Rf1 Qxe4 33.
Rxf5 Qxf5 34. Qb8+ Kh7 35. Qb1 1-0

[Event "Online Olym Div Top-C"]
[Site "Chess.com INT"]
[Date "2020.08.23"]
[Round "9.4"]
[White "Kosteniuk, Alexandra"]
[Black "Peptan, Corina Isabela"]
[Result "1/2-1/2"]
[WhiteElo "2482"]
[BlackElo "2392"]
[PlyCount "72"]
[EventDate "2020.08.21"]
[EventType "team-tourn (rapid)"]
[EventRounds "9"]
[EventCountry "USA"]
[SourceTitle "CBM 197 Extra"]
[Source "ChessBase"]
[SourceDate "2020.09.30"]
[SourceVersion "1"]
[SourceVersionDate "2020.09.30"]
[SourceQuality "1"]
[WhiteTeam "Russia"]
[BlackTeam "Romania"]
[WhiteTeamCountry "RUS"]
[BlackTeamCountry "ROU"]

1. e4 c6 2. c4 d5 3. cxd5 cxd5 4. exd5 Nf6 5. Nc3 Nxd5 6. Nf3 e6 7. d4 Nc6 8.
Bd3 Be7 9. O-O O-O 10. Re1 Nxc3 11. bxc3 b6 12. Bf4 Bb7 13. Rc1 Bf6 14. Be4 Rc8
15. Qd3 g6 16. Red1 Qe7 17. Qe2 Rfd8 18. Nd2 Bg7 19. Bg3 Rd7 20. Nf3 Qd8 21. h4
Na5 22. h5 Bxe4 23. Qxe4 Nc4 24. Bh4 Bf6 25. Bg3 Rd5 26. hxg6 hxg6 27. Qg4 Bg7
28. Bf4 Qf6 29. Ng5 Rf5 30. g3 Qd8 31. Qh4 Qd5 32. Re1 Rc6 33. Qh7+ Kf8 34. Qh4
Kg8 35. Qh7+ Kf8 36. Qh4 Kg8 1/2-1/2

[Event "Online Olym KO Stage"]
[Site "Chess.com INT"]
[Date "2020.08.28"]
[Round "2.4"]
[White "Gara, Anita"]
[Black "Kosteniuk, Alexandra"]
[Result "0-1"]
[WhiteElo "2345"]
[BlackElo "2471"]
[PlyCount "60"]
[EventDate "2020.08.27"]
[EventType "team-k.o. (rapid)"]
[EventRounds "4"]
[EventCountry "USA"]
[SourceTitle "EXT 2021"]
[Source "ChessBase"]
[SourceDate "2020.10.23"]
[SourceVersion "1"]
[SourceVersionDate "2020.10.23"]
[SourceQuality "1"]
[WhiteTeam "Hungary"]
[BlackTeam "Russia"]
[WhiteTeamCountry "HUN"]
[BlackTeamCountry "RUS"]

1. e4 e5 2. Nf3 Nf6 3. Nc3 Nc6 4. d4 exd4 5. Nxd4 Bb4 6. Nxc6 bxc6 7. Bd3 O-O
8. O-O d5 9. exd5 cxd5 10. h3 Rb8 11. Qf3 Rb6 12. Bg5 Bb7 13. Rad1 h6 14. Bh4
Re8 15. Na4 Rbe6 16. c3 Bd6 17. b4 Qa8 18. Bxf6 Rxf6 19. Qg4 Rf4 20. Qg3 Rxb4
21. f4 Rxa4 22. Bb5 Rxa2 23. Bxe8 Qxe8 24. Rde1 Qa4 25. Qe3 Rxg2+ 26. Kh1 d4
27. Qe8+ Qxe8 28. Rxe8+ Kh7 29. Rb8 Bc6 30. Rc8 dxc3 0-1

[Event "Titled Tuesday intern op 22nd Sept"]
[Site "Chess.com INT"]
[Date "2020.09.22"]
[Round "1"]
[White "Kosteniuk, Alexandra"]
[Black "Fominykh, Maria"]
[Result "1-0"]
[WhiteElo "2471"]
[BlackElo "2206"]
[PlyCount "37"]
[EventDate "2020.09.22"]
[EventType "swiss (blitz)"]
[EventRounds "10"]
[EventCountry "USA"]
[SourceTitle "EXT 2021"]
[Source "ChessBase"]
[SourceDate "2020.10.23"]
[SourceVersion "1"]
[SourceVersionDate "2020.10.23"]
[SourceQuality "1"]

1. e4 e6 2. d4 d5 3. Nc3 Nf6 4. Bg5 dxe4 5. Nxe4 Be7 6. Bxf6 gxf6 7. Ng3 f5 8.
c3 a6 9. Qh5 b5 10. Nf3 Nd7 11. a4 Nf6 12. Qh6 b4 13. Ne5 Bb7 14. Be2 c5 15.
Nh5 Qd5 16. Nxf6+ Bxf6 17. Qxf6 O-O 18. Bf3 Qb3 19. Bxb7 1-0

[Event "Titled Tuesday intern op 22nd Sept"]
[Site "Chess.com INT"]
[Date "2020.09.22"]
[Round "2"]
[White "Chen, Ryo"]
[Black "Kosteniuk, Alexandra"]
[Result "0-1"]
[WhiteElo "2085"]
[BlackElo "2471"]
[PlyCount "92"]
[EventDate "2020.09.22"]
[EventType "swiss (blitz)"]
[EventRounds "10"]
[EventCountry "USA"]
[SourceTitle "EXT 2021"]
[Source "ChessBase"]
[SourceDate "2020.10.23"]
[SourceVersion "1"]
[SourceVersionDate "2020.10.23"]
[SourceQuality "1"]

1. e4 c6 2. d4 d5 3. Nd2 dxe4 4. Nxe4 Nf6 5. Nxf6+ exf6 6. c3 Bd6 7. Bd3 O-O 8.
Ne2 Nd7 9. O-O Re8 10. Bf4 Nf8 11. Qd2 Ng6 12. Bxd6 Qxd6 13. Rfe1 Be6 14. Ng3
b6 15. Nf5 Qd7 16. Ne3 Rad8 17. Be4 Nf4 18. Red1 g6 19. g3 Nh3+ 20. Kf1 Ng5 21.
Bg2 Bh3 22. Qd3 f5 23. Bxh3 Nxh3 24. Ng2 Qd5 25. Re1 Ng5 26. Rxe8+ Rxe8 27. Re1
Rxe1+ 28. Nxe1 Qxa2 29. Qe2 Qe6 30. Qxe6 fxe6 31. Nd3 Nf7 32. Ke2 Kf8 33. Ke3
Ke7 34. h4 Kd6 35. Kf4 Kd5 36. b3 a5 37. Ke3 b5 38. Nf4+ Kd6 39. Nd3 e5 40. f4
e4 41. Nc5 Kd5 42. Nb7 a4 43. bxa4 bxa4 44. Nc5 a3 45. Nb3 Kc4 46. Na1 Kxc3 0-1

[Event "Titled Tuesday intern op 22nd Sept"]
[Site "Chess.com INT"]
[Date "2020.09.22"]
[Round "3"]
[White "Kosteniuk, Alexandra"]
[Black "Abdusattorov, Nodirbek"]
[Result "0-1"]
[WhiteElo "2471"]
[BlackElo "2627"]
[PlyCount "68"]
[EventDate "2020.09.22"]
[EventType "swiss (blitz)"]
[EventRounds "10"]
[EventCountry "USA"]
[SourceTitle "EXT 2021"]
[Source "ChessBase"]
[SourceDate "2020.10.23"]
[SourceVersion "1"]
[SourceVersionDate "2020.10.23"]
[SourceQuality "1"]

1. e4 e5 2. Nf3 Nc6 3. Bc4 Bc5 4. d3 Nf6 5. a4 a6 6. a5 d6 7. c3 Ba7 8. O-O O-O
9. Re1 h6 10. Be3 Be6 11. Bxe6 fxe6 12. Bxa7 Rxa7 13. Nbd2 Nh5 14. Nf1 Qf6 15.
d4 Nf4 16. Ng3 Raa8 17. Re3 Rf7 18. Qd2 Raf8 19. b4 g5 20. Rf1 g4 21. dxe5 Nxe5
22. Nxe5 Qxe5 23. Ne2 Ng6 24. Qd4 Qg5 25. Rg3 h5 26. Qe3 Nf4 27. Nxf4 Rxf4 28.
h3 e5 29. Qd3 Kh7 30. Qe2 Qh4 31. Kh2 R8f6 32. f3 c6 33. Rg1 Rg6 34. c4 Qxg3+
0-1

[Event "Titled Tuesday intern op 22nd Sept"]
[Site "Chess.com INT"]
[Date "2020.09.22"]
[Round "4"]
[White "Rojas Salas, Steven"]
[Black "Kosteniuk, Alexandra"]
[Result "0-1"]
[WhiteElo "2194"]
[BlackElo "2471"]
[PlyCount "80"]
[EventDate "2020.09.22"]
[EventType "swiss (blitz)"]
[EventRounds "10"]
[EventCountry "USA"]
[SourceTitle "EXT 2021"]
[Source "ChessBase"]
[SourceDate "2020.10.23"]
[SourceVersion "1"]
[SourceVersionDate "2020.10.23"]
[SourceQuality "1"]

1. c4 Nf6 2. Nc3 e5 3. Nf3 Nc6 4. e3 d5 5. cxd5 Nxd5 6. Bb5 Nxc3 7. bxc3 Bd6 8.
d4 e4 9. Nd2 Qg5 10. Bf1 Qg6 11. g3 O-O 12. Bg2 Bf5 13. Rb1 Rab8 14. Rb5 Ne7
15. Qc2 a6 16. Rxf5 Qxf5 17. Bxe4 Qh3 18. Nf3 h6 19. Ng1 Qe6 20. Ne2 c5 21. O-O
b5 22. Bb2 Rfc8 23. d5 Nxd5 24. Bf5 Qe7 25. Bxc8 Rxc8 26. c4 Nb4 27. Qc3 f6 28.
Rd1 Be5 29. Qb3 Bxb2 30. Qxb2 bxc4 31. a3 Nd3 32. Qc3 Qe4 33. Nc1 Ne5 34. h4
Qf3 35. Qc2 Rb8 36. Rd6 Qb7 37. f4 Qb1 38. Qg2 Qxc1+ 39. Kh2 Rb2 40. Rd8+ Kf7
0-1

[Event "Titled Tuesday intern op 22nd Sept"]
[Site "Chess.com INT"]
[Date "2020.09.22"]
[Round "5"]
[White "Kosteniuk, Alexandra"]
[Black "Grochal, Joey"]
[Result "1/2-1/2"]
[WhiteElo "2471"]
[BlackElo "2335"]
[PlyCount "79"]
[EventDate "2020.09.22"]
[EventType "swiss (blitz)"]
[EventRounds "10"]
[EventCountry "USA"]
[SourceTitle "EXT 2021"]
[Source "ChessBase"]
[SourceDate "2020.10.23"]
[SourceVersion "1"]
[SourceVersionDate "2020.10.23"]
[SourceQuality "1"]

1. e4 c5 2. c3 Nf6 3. e5 Nd5 4. d4 cxd4 5. Nf3 Nc6 6. cxd4 d6 7. Bc4 Nb6 8. Bb5
dxe5 9. Nxe5 Bd7 10. Nxd7 Qxd7 11. Qf3 Rd8 12. Nc3 e6 13. O-O Be7 14. Be3 O-O
15. Qh3 Nd5 16. Bd3 g6 17. Rad1 Nxe3 18. fxe3 Nb4 19. Bb1 Nd5 20. e4 Nxc3 21.
bxc3 Rc8 22. Rf3 Qa4 23. Rdf1 Rc7 24. e5 Bg5 25. Qg3 Bd2 26. Kh1 Qa5 27. h4
Rxc3 28. h5 Rxf3 29. Qxf3 Qc3 30. Qg4 Qe3 31. Be4 Qg5 32. Qxg5 Bxg5 33. Bxb7
Rd8 34. Rd1 Be3 35. d5 exd5 36. Rxd5 Rxd5 37. Bxd5 gxh5 38. e6 fxe6 39. Bxe6+
Kg7 40. Bd5 1/2-1/2

[Event "Titled Tuesday intern op 22nd Sept"]
[Site "Chess.com INT"]
[Date "2020.09.22"]
[Round "6"]
[White "Prithu, Gupta"]
[Black "Kosteniuk, Alexandra"]
[Result "0-1"]
[WhiteElo "2472"]
[BlackElo "2471"]
[PlyCount "132"]
[EventDate "2020.09.22"]
[EventType "swiss (blitz)"]
[EventRounds "10"]
[EventCountry "USA"]
[SourceTitle "EXT 2021"]
[Source "ChessBase"]
[SourceDate "2020.10.23"]
[SourceVersion "1"]
[SourceVersionDate "2020.10.23"]
[SourceQuality "1"]

1. c4 Nf6 2. Nc3 e5 3. Nf3 Nc6 4. e4 Bb4 5. d3 d6 6. a3 Bc5 7. b4 Bb6 8. Na4
O-O 9. Nxb6 axb6 10. Be2 Nxb4 11. O-O Nc6 12. Bb2 Bg4 13. Ra2 Bxf3 14. Bxf3 Nd4
15. Bxd4 exd4 16. Be2 Ra5 17. f4 Qa8 18. Qa1 c5 19. Rb1 Qa7 20. Bd1 Ra8 21. a4
h6 22. Bb3 Qb8 23. h3 Qc7 24. g4 Nd7 25. Rc1 Nb8 26. Rg2 Nc6 27. Qb2 Nb4 28.
Qe2 Rxa4 29. Bxa4 Rxa4 30. g5 Ra2 31. Qf3 Rxg2+ 32. Kxg2 hxg5 33. Ra1 Qd8 34.
fxg5 Qxg5+ 35. Kh1 g6 36. Rf1 Qe7 37. Kh2 Kg7 38. Qg3 Nc2 39. h4 b5 40. cxb5
Ne3 41. Rf3 Qe6 42. Qh3 Qa2+ 43. Kg3 Qb1 44. Qh2 Nf1+ 45. Rxf1 Qxf1 46. Qd2 Qb1
47. h5 Qxb5 48. hxg6 fxg6 49. Kh4 Qe8 50. Qa5 Qe7+ 51. Kg3 Qg5+ 52. Kh2 Qf4+
53. Kg2 Qg4+ 54. Kf2 Qf4+ 55. Kg2 Kh6 56. Qd8 Qd2+ 57. Kf3 Qxd3+ 58. Kf4 Qe3+
59. Kg4 Qxe4+ 60. Kg3 Qe5+ 61. Kf3 Qf5+ 62. Ke2 Qe4+ 63. Kd1 d3 64. Qh8+ Kg5
65. Qd8+ Kg4 66. Qc8+ Kg3 0-1

[Event "Titled Tuesday intern op 22nd Sept"]
[Site "Chess.com INT"]
[Date "2020.09.22"]
[Round "7"]
[White "Kosteniuk, Alexandra"]
[Black "Savchenko, Boris"]
[Result "0-1"]
[WhiteElo "2471"]
[BlackElo "2564"]
[PlyCount "196"]
[EventDate "2020.09.22"]
[EventType "swiss (blitz)"]
[EventRounds "10"]
[EventCountry "USA"]
[SourceTitle "EXT 2021"]
[Source "ChessBase"]
[SourceDate "2020.10.23"]
[SourceVersion "1"]
[SourceVersionDate "2020.10.23"]
[SourceQuality "1"]

1. e4 c5 2. c3 d6 3. d4 Qc7 4. Nf3 Nf6 5. Bd3 Nc6 6. d5 Nb8 7. h3 g6 8. Bf4
Nbd7 9. Na3 Bg7 10. Nb5 Qb8 11. a4 O-O 12. O-O a6 13. Na3 b6 14. Qd2 Rd8 15.
Rfe1 Ne5 16. Nxe5 dxe5 17. Bh6 Bh8 18. b4 cxb4 19. cxb4 Ne8 20. Qe3 Nd6 21.
Rac1 Bd7 22. a5 bxa5 23. bxa5 Qb4 24. Qc5 Rdb8 25. Qxb4 Rxb4 26. Nc4 Bb5 27.
Nxd6 exd6 28. Bxb5 Rxb5 29. Rc6 Bg7 30. Bd2 Bf8 31. Rec1 f5 32. f3 fxe4 33.
fxe4 Rb2 34. R1c2 Rb1+ 35. Kf2 Rbb8 36. Ke2 Be7 37. Rc7 Kf8 38. R2c6 Ke8 39.
Rc2 Kd8 40. Be3 Rb4 41. Bb6 Ke8 42. Rc8+ Rxc8 43. Rxc8+ Kd7 44. Rc7+ Ke8 45.
Kd3 Rb3+ 46. Kc4 Rb2 47. Ra7 Rc2+ 48. Kb4 Rb2+ 49. Kc3 Rxg2 50. Rxa6 Bh4 51.
Ra8+ Kd7 52. a6 Rg3+ 53. Kb4 Rg2 54. a7 Rb2+ 55. Kc4 Rxb6 56. Rh8 Ra6 57. a8=Q
Rxa8 58. Rxa8 Bd8 59. Ra7+ Bc7 60. Kd3 h5 61. Ke2 g5 62. Kf3 Kd8 63. Ra8+ Kd7
64. Rh8 g4+ 65. hxg4 hxg4+ 66. Kxg4 Ba5 67. Kf5 Kc7 68. Rh7+ Kb6 69. Rh1 Kc5
70. Rc1+ Kd4 71. Rc6 Bb4 72. Ra6 Bc5 73. Ra4+ Kd3 74. Ke6 Ke3 75. Kd7 Kf4 76.
Kc6 Kf3 77. Rc4 Bd4 78. Kxd6 Kxe4 79. Ke6 Kd3 80. Rc1 e4 81. d6 e3 82. d7 Bb6
83. Rb1 e2 84. Rb3+ Kc2 85. Rxb6 e1=Q+ 86. Kd6 Qd2+ 87. Kc7 Qf4+ 88. Rd6 Qf7
89. Kc8 Qf5 90. Kb7 Qf7 91. Kc7 Qe7 92. Kc6 Qd8 93. Re6 Qa8+ 94. Kc7 Qa7+ 95.
Kd6 Qb6+ 96. Ke7 Qb7 97. Ke8 Qb5 98. Rd6 Qe5+ 0-1

[Event "Titled Tuesday intern op 22nd Sept"]
[Site "Chess.com INT"]
[Date "2020.09.22"]
[Round "8"]
[White "Kosteniuk, Alexandra"]
[Black "Sharapov, Evgeny"]
[Result "1/2-1/2"]
[WhiteElo "2471"]
[BlackElo "2380"]
[PlyCount "104"]
[EventDate "2020.09.22"]
[EventType "swiss (blitz)"]
[EventRounds "10"]
[EventCountry "USA"]
[SourceTitle "EXT 2021"]
[Source "ChessBase"]
[SourceDate "2020.10.23"]
[SourceVersion "1"]
[SourceVersionDate "2020.10.23"]
[SourceQuality "1"]

1. e4 c5 2. c3 Nf6 3. e5 Nd5 4. Nf3 d6 5. exd6 exd6 6. d4 Be7 7. Bc4 Nb6 8. Bd3
O-O 9. h3 Bf6 10. O-O Nc6 11. dxc5 dxc5 12. Be3 c4 13. Be4 Qxd1 14. Rxd1 Be6
15. Na3 Rfd8 16. Nb5 Nd5 17. Bc5 Be7 18. Bxe7 Ncxe7 19. Nfd4 a6 20. Nxe6 fxe6
21. Nd4 Kf7 22. Re1 Nc6 23. Nf3 h6 24. Rad1 Rd6 25. g3 Rad8 26. Bc2 Nf6 27.
Rxd6 Rxd6 28. h4 b5 29. Kf1 Ke7 30. Ke2 b4 31. Nd2 bxc3 32. bxc3 Nd5 33. Ne4
Rd8 34. Rb1 Rb8 35. Rxb8 Nxb8 36. Ba4 Nd7 37. Bxd7 Kxd7 38. Kd2 Kc6 39. f4 h5
40. Ng5 Kd6 41. Nf7+ Kc5 42. Ne5 Ne7 43. Ke3 Nd5+ 44. Kd2 Ne7 45. Nd7+ Kd6 46.
Nb8 a5 47. Ke3 Nf5+ 48. Kf3 Kc7 49. Na6+ Kb6 50. Nb8 Kc7 51. Na6+ Kb6 52. Nb8
Kc7 1/2-1/2

[Event "Titled Tuesday intern op 22nd Sept"]
[Site "Chess.com INT"]
[Date "2020.09.22"]
[Round "9"]
[White "Rosen, Eric S"]
[Black "Kosteniuk, Alexandra"]
[Result "0-1"]
[WhiteElo "2353"]
[BlackElo "2471"]
[PlyCount "56"]
[EventDate "2020.09.22"]
[EventType "swiss (blitz)"]
[EventRounds "10"]
[EventCountry "USA"]
[SourceTitle "EXT 2021"]
[Source "ChessBase"]
[SourceDate "2020.10.23"]
[SourceVersion "1"]
[SourceVersionDate "2020.10.23"]
[SourceQuality "1"]

1. d4 Nf6 2. Bf4 b6 3. Nf3 Bb7 4. c4 e6 5. e3 d5 6. Nc3 Be7 7. Rc1 O-O 8. Nxd5
exd5 9. a3 c5 10. Ne5 Nc6 11. Be2 cxd4 12. exd4 dxc4 13. Bf3 Na5 14. O-O Bxf3
15. Qxf3 Qd5 16. Qe2 Rfe8 17. Bg5 Rac8 18. h4 h6 19. Be3 Nb3 20. Rc3 Nxd4 21.
Bxd4 Qxd4 22. Rd1 Qxh4 23. Rh3 Qg5 24. Rg3 Qh5 25. Nf3 Bd6 26. Qd2 Bxg3 27.
fxg3 Ne4 28. Qd4 Qc5 0-1

[Event "Titled Tuesday intern op 22nd Sept"]
[Site "Chess.com INT"]
[Date "2020.09.22"]
[Round "10"]
[White "Kosteniuk, Alexandra"]
[Black "Rodriguez, Santiago"]
[Result "1-0"]
[WhiteElo "2471"]
[BlackElo "2252"]
[PlyCount "69"]
[EventDate "2020.09.22"]
[EventType "swiss (blitz)"]
[EventRounds "10"]
[EventCountry "USA"]
[SourceTitle "EXT 2021"]
[Source "ChessBase"]
[SourceDate "2020.10.23"]
[SourceVersion "1"]
[SourceVersionDate "2020.10.23"]
[SourceQuality "1"]

1. e4 c5 2. c3 Nf6 3. e5 Nd5 4. Nf3 Nc6 5. Bc4 e6 6. d4 cxd4 7. cxd4 d6 8. O-O
Be7 9. Qe2 O-O 10. Rd1 Bd7 11. Nc3 Nxc3 12. bxc3 Qc7 13. exd6 Bxd6 14. Bd3 g6
15. Bh6 Rfe8 16. Ng5 Bxh2+ 17. Kh1 Bf4 18. Qf3 e5 19. Nxf7 Kxf7 20. Bc4+ Be6
21. d5 Kg8 22. dxe6 Bxh6 23. Qf7+ Qxf7 24. exf7+ Kg7 25. fxe8=Q Rxe8 26. Rd7+
Re7 27. Rxe7+ Nxe7 28. Rd1 Kf6 29. Rd6+ Kf5 30. Rd7 Nc6 31. Rxh7 Bd2 32. Rxb7
Na5 33. Rc7 e4 34. Bd5 Ke5 35. Rc5 1-0

[Event "Speed Chess Super Swiss"]
[Site "chess.com INT"]
[Date "2020.10.03"]
[Round "1"]
[White "Kosteniuk, Alexandra"]
[Black "Arun, Siddharth"]
[Result "1-0"]
[WhiteElo "2471"]
[BlackElo "2055"]
[PlyCount "57"]
[EventDate "2020.10.03"]
[EventType "swiss (blitz)"]
[EventRounds "15"]
[EventCountry "USA"]
[SourceTitle "EXT 2021"]
[Source "ChessBase"]
[SourceDate "2020.10.23"]
[SourceVersion "1"]
[SourceVersionDate "2020.10.23"]
[SourceQuality "1"]

1. e4 c6 2. c4 d5 3. cxd5 cxd5 4. exd5 Nf6 5. Nc3 g6 6. Bc4 Bg7 7. Nf3 O-O 8.
O-O Nbd7 9. d3 Nb6 10. Qb3 Ne8 11. Bg5 Nd6 12. Rfe1 f6 13. Be3 Nbxc4 14. dxc4
b6 15. Nd4 Bd7 16. Bf4 f5 17. Ne6 Bxe6 18. Rxe6 Rc8 19. Bxd6 exd6 20. Nb5 Rf6
21. Rae1 Rxe6 22. Rxe6 Be5 23. Nxa7 Qg5 24. g3 Ra8 25. Nc6 Qc1+ 26. Kg2 Qxb2
27. Nxe5 Qxb3 28. axb3 dxe5 29. Rxb6 1-0

[Event "Speed Chess Super Swiss"]
[Site "chess.com INT"]
[Date "2020.10.03"]
[Round "2"]
[White "Karjakin, Sergey"]
[Black "Kosteniuk, Alexandra"]
[Result "1-0"]
[WhiteElo "2752"]
[BlackElo "2471"]
[PlyCount "49"]
[EventDate "2020.10.03"]
[EventType "swiss (blitz)"]
[EventRounds "15"]
[EventCountry "USA"]
[SourceTitle "EXT 2021"]
[Source "ChessBase"]
[SourceDate "2020.10.23"]
[SourceVersion "1"]
[SourceVersionDate "2020.10.23"]
[SourceQuality "1"]

1. e4 c6 2. Nf3 d5 3. exd5 cxd5 4. Ne5 Nf6 5. d4 g6 6. Bd3 Bg7 7. O-O O-O 8. c3
Nc6 9. Re1 Nd7 10. f4 f6 11. Nxc6 bxc6 12. f5 g5 13. Be3 Re8 14. Nd2 Nf8 15.
Nf1 Rb8 16. Qc2 Qb6 17. Re2 Ba6 18. Ng3 Bxd3 19. Qxd3 Qb5 20. Qc2 Nd7 21. Rae1
c5 22. Nh5 Bf8 23. Kh1 a5 24. dxc5 Nxc5 25. Bxc5 1-0